Statistics for Rite of Spring Instruments

Click here to take the quiz!

General Stats

  • This quiz has been taken 48 times
    (21 since last reset)
  • The average score is 21 of 30

Answer Stats

Instrument% Correct
Violin
100%
Bassoon
94%
Clarinet
94%
Contrabass
94%
Flute
94%
Piccolo
94%
Tuba
94%
Viola
94%
Violoncello
94%
Oboe
88%
Timpani
88%
Trumpet
88%
English Horn
81%
Trombone
81%
Bass Drum
75%
Horn
75%
Bass Clarinet
69%
Contrabassoon
69%
Alto Flute
56%
Cymbals
56%
Tam-tam
56%
Triangle
56%
Bass Trumpet
50%
Sopranino Trumpet
44%
Sopranino Clarinet
38%
Wagner Tuba
38%
Antique Cymbals
31%
Güiro
31%
Tambourine
25%
Piccolo Timpani
19%

Score Distribution

Percentile by Number Answered

Percent of People with Each Score

Your Score History

You have not taken this quiz since the last reset